000 00751nam a22002297a 4500
999 _c549
_d549
005 20190821112213.0
008 190821b ||||| |||| 00| 0 eng d
020 _a9781250056993
040 _cKH8
082 _aFIC SMI
100 _aSmith, Lindsay
245 _aSekret :
_ban empty mind is a safe mind /
_cLindsay Smith
260 _aNew York :
_bSquare Fish/Roaring Brook Press,
_c2015. ©2014
300 _a344 pages ;
_c21 cm.
500 _aFirst published: New York : Roaring Brook Press, 2014.
650 _aKGB
_v Fiction.
650 _aKongelige Garnisonsbibliotek (Denmark)
650 _aTeenage girls
_vFiction.
650 _aPsychic ability
_vFiction.
650 _aSoviet Union
_vHistory
_y1953-1985 -- Fiction.
942 _2ddc
_cFIC